Bartoli a Saxoferrato in Primam [-secunda] Digesti Veteris Partem Commentaria. (Registro nro. 255174)

Detalles MARC
000 -ENCABEZADO
Número de control [NR] 03436cam a2200373Ia 4500
001 - NÚMERO DE CONTROL
control field ocm18692619
003 - IDENTIFICADOR DE CONTROL NÚMERO
control field Co-BoUCM
005 - FECHA Y HORA DE LA ÚLTIMA TRANSACCIÓN
control field 20140815104032.0
008 - DE LONGITUD FIJA DE DATOS DE ELEMENTOS - INFORMACIÓN GENERAL
Elementos de longitud fija [NR] 881031s1577 it fr 000 0 latsd
035 ## - NUMERO DE CONTROL DEL SISTEMA [R]
Número de control del sistema [NR] (OCoLC)18692619
040 ## - FUENTE DE CATALOGACION [NR]
Agencia de catalogación original [NR] GZM
Idioma de catalogación [NR] spa
Quien Cataloga Sandra Yazo
Quien Clasifica Sandra Yazo
041 0# - CODIGO DE IDIOMA [R]
Código de idioma para texto/pista de sonido o título separado [R] Latín
082 04 - NUMERO DE CLASIFICACION DECIMAL DEWEY [R]
Número de la edición [NR] 20
Número de clasificación [R] 340.56
092 ## - SIGNATURA TOPOGRAFICA LOCAL
Número de clasificación local E29N051
100 0# - ASIENTO PRINCIPAL--NOMBRE PERSONAL [NR]
Nombre personal [NR] Bartolo,
Títulos u otras palabras asociadas al nombre [R] of Sassoferrato,
Fechas asociadas con el nombre [NR] 1313-1357.
ID Autoridad 61546
242 00 - TRADUCCION DEL TITULO POR LA AGENCIA CATALOGADORA [R]
Título [NR] Comentarios a la Parte Primera del Digesto Antiguo.
Parte restante del título [NR] En los cuales, además de las notas y aclaraciones sobre puntos dudosos de Alejandro de Barbazia, Claudio de Seysell, Pomponio, Nicelli y otros, se añadieron recientemente las fecundas disquisiciones de Casiano del Pozo, Guido Panciroli y Bernardo Trotti.
Código de idioma del título traducido [NR] spa
245 10 - MENCION DE TITULO [NR]
Título [NR] Bartoli a Saxoferrato in Primam [-secunda] Digesti Veteris Partem Commentaria.
Parte restante del título [NR] Quibus praeter Alex. Barb. Seifell. Pom. Nicelli et aliorum Adnotationes et contrarietatum conciliationes, accesserunt novissimae excelentissimorum virorum Casiani Putei ... Guidonis Pancirolii et Bernardi Trotti ... fertilissimae lucubrationes ...<br/><br/>
260 ## - PUBLICACION, DISTRIBUCION, ETC. (PIE DE IMPRENTA) [R]
Lugar de publicación, distribución, etc. [R] Avgvstae Taurinorum [Turin] (Italia)
Nombre del editor, distribuidor, etc. [R] Apud Haeredes Nicolai Beuilaquae [A expensas de los herederos de Nicolás Bevilaqua]
Fecha de publicación, distribución, etc. [R] 1577.
300 ## - DESCRIPCION FISICA [R]
Extensión [R] 198, 160 folios.
Dimensiones [R] 43 x 29 cm.
500 ## - NOTA GENERAL [R]
Nota general [NR] Detalles físicos: Encuadernación flexible en pergamino. Guardas en papel impreso. Portada impresa en una sola tinta con un grabado. Texto impreso en dos columnas. Párrafos numerados y marcados con letras. Márgenes amplios. Signaturas. Algunos reclamos. Elogio en versos latinos al autor y su obra. Registro final de cuadernillos. Notorias perforaciones de insectos.
500 ## - NOTA GENERAL [R]
Nota general [NR] V.1 ejemplar desencuadernado, sin tapas ni guardas. el folio 9, pegado al revés, folio 23 arrancado.
505 1# - NOTA DE CONTENIDO CON FORMATO PREESTABLECIDO [R]
Nota de contenido con formato preestablecido [NR] V.1: Vida de Bártolo de Sassoferrato ; La primera Constitución ; La justicia y el derecho ; Las adopciones ; División entre las diferentes cosas ; Los deberes del pretor ; Los deberes del gobernador ; Jurisdicciones ; La jurisdicción de los juicios ; Los están obligados a restituir ; La publicación ; Los pactos y tratados ; La postulación ; Las transacciones ; Los procuradores ; Los que gestionaron negocios ; La restitución in integrum -- V.2: Acerca de los créditos o préstamos: acreedores y deudores ; Acerca de los juramentos necesarios y de los opcionales (voluntarios) ; Los plazos ; El dinero puesto a interés ; El comodato ; La acción de pignoración ; La acción ejecutoria ; Los peculios ; El senadoconsulto Veleyano ; Las compensaciones ; Temas sobre la compra y la venta ; Los contratos de arrendamiento y alquiler ; Las prendas ; Qué cosas pueden ser afectadas por pignoración o por hipoteca ; Cómo terminar las pignoraciones y las hipotecas ; Las evicciones ; La usura ; Las pruebas y las presunciones ; Los testigos
506 ## - NOTA DE RESTRICCIONES DE ACCESO [R]
Condiciones de acceso [NR] Consulta en sala.
546 ## - NOTA DE IDIOMA [R]
Nota de idioma [NR] Texto en latín.
600 14 - ASIENTO SECUNDARIO DE MATERIA - NOMBRE PERSONAL [R]
9 (RLIN) 29958
Nombre personal [NR] Justiniano
Títulos y otras palabras asociadas con el nombre [R] Emperador de Oriente
Fechas asociadas con el nombre [NR] 482-565
Título de la obra [NR] Digesto
Subdivisión general [R] Crítica e interpretación
650 #7 - ASIENTO SECUNDARIO DE MATERIA - TERMINO TEMATICO [R]
Término temático o nombre geográfico como elemento de entrada [NR] Derecho civil
9 (RLIN) 29560
Subdivisión general [R] Obras anteriores a 1800
650 #7 - ASIENTO SECUNDARIO DE MATERIA - TERMINO TEMATICO [R]
Término temático o nombre geográfico como elemento de entrada [NR] Derecho romano
Fuente del encabezamiento o término [NR] fast
9 (RLIN) 29420
Subdivisión general [R] Obras anteriores a 1800
690 ## - ASUNTO AGREGADO LOCAL DE ENTRADA - TÉRMINO TEMÁTICO (OCLC, RLIN)
9 (RLIN) 42766
Acceso temático local Derecho civil
700 1# - ASIENTO SECUNDARIO - NOMBRE PERSONAL [R]
Nombre personal [NR] Nicelli, Cristoforo
Fechas asociadas con el nombre [NR] 1388 or 1389-1482
Término de relación [R] prólogo
9 (RLIN) 61791
700 1# - ASIENTO SECUNDARIO - NOMBRE PERSONAL [R]
Nombre personal [NR] Pomponio
9 (RLIN) 61588
700 1# - ASIENTO SECUNDARIO - NOMBRE PERSONAL [R]
Nombre personal [NR] Barbazia, Alejandro de
9 (RLIN) 61589
700 1# - ASIENTO SECUNDARIO - NOMBRE PERSONAL [R]
Nombre personal [NR] Seysell, Claudio de
9 (RLIN) 61590
942 ## - ELEMENTOS DE ENTRADA AGREGADOS (KOHA)
Sistema de clasificación LOCAL
Tipo de ítem principal el descrito en 300a Libro
Edición 1
Clasificación E29N051
Existencias
Suprimido Perdido Sistema de clasificación Dañado No prestable Tipo de ítem específico Ubicación habitual Ubicación actual Localización Fecha de creación Forma de adquisición Costo Volúmen / Fascículo Total préstamos Signatura topográfica Código de barras Última vez visto Ejemplar Price effective from Tipo de ítem
    LOCAL     Libro archivo Archivo Histórico Archivo Histórico Archivo histórico 22/05/2014 Donación 0.00 V.1   E29N051 L004148 22/05/2014 Ej.1 22/05/2014 Libro
    LOCAL     Libro archivo Archivo Histórico Archivo Histórico Archivo histórico 22/05/2014 Donación 0.00 V.2   E29N051 L004149 22/05/2014 Ej.1 22/05/2014 Libro